| 000 | 00748cam a2200241Ka 4500 | ||
|---|---|---|---|
| 020 | _a0821364766 | ||
| 020 | _a9780821364765 | ||
| 040 | _cVYR | ||
| 082 | 0 | 4 | _a330 WOR 2006 A065 Or. |
| 245 | 0 | 0 | _aLittle green data book 2006 / |
| 246 | 1 | 7 | _a2006 little green data book |
| 246 | 1 | 8 | _a06 the little green data book |
| 260 |
_aWashington, D.C. : _bWorld Bank, _c[2006] |
||
| 300 |
_a235 pages ; _c22 cm |
||
| 500 | _a"From the World Development Indicators"--Cover. | ||
| 650 | 0 | _aEconomic history | |
| 650 | 0 | _aEconomic development | |
| 650 | 0 | _aEconomic policy | |
| 650 | 0 | _aEconomic indicators. | |
| 710 | 2 | _aWorld Bank. | |
| 856 | 4 | 1 | _uhttp://siteresources.worldbank.org/INTEEI/936214-1146251511077/20916989/LGDB2006.pdf |
| 942 | _cEK | ||
| 999 |
_c14384 _d14384 |
||